00475nam a2200133 a 4500008004100000050002500041110001500066245009000081260004000171300001800211350000900229490005900238650004400297070928s1995 ||||||||||||||||| || u aIBRD(06)RPWDR/1995/1 aWorld Bank14aThe employment crisis in industrial countries: is international integration to blame? aWashington, D. C.bWorld Bankc1995 aiv, 11p.:ill. a0.00 aRegional Perspectives on World Development Report 1995 aEMPLOYMENT CRISIS--INDUSTRIAL COUNTRIES